| 000 | 01132nam a22003617a 4500 | ||
|---|---|---|---|
| 001 | BR0205442 | ||
| 003 | BR-BrBNA | ||
| 005 | 20230928101204.0 | ||
| 007 | ta | ||
| 008 | 230509b bl.||||| |||| 00| 0 por d | ||
| 040 |
_aBR-BrBNA _bpor _cBiblioteca Nacional de Agricultura |
||
| 041 | _a(Por) | ||
| 072 |
_aF30; Q54 _b0120 _b9205 _b8952 |
||
| 090 | _ 0120 BR0205442 | ||
| 100 | 1 | _aDias, F.N. | |
| 110 | 1 |
_aEscola Superior de Agricultura Luiz de Queiroz, Piracicaba, SP (Brasil) _0Tese (Mestre em Agronomia) |
|
| 245 | 1 | _aAvaliação de parâmetros agronômicos e nutricionais em híbridos de milho (Zea mays L.)para silagem | |
| 260 | 3 |
_aPiracicaba, SP (Brasil): _c2002. |
|
| 300 | _a96 p. | ||
| 500 | _aSummaries (Eng, Por); Bibliography p. 85-93; 7 illus.; 31 tables | ||
| 650 | _aMILHO | ||
| 650 | _aGRÃO | ||
| 650 | _aHÍBRIDO | ||
| 650 | _aSILAGEM | ||
| 650 | _aQUALIDADE | ||
| 650 | _aVALOR NUTRITIVO | ||
| 650 | _aBROMATOLOGIA | ||
| 650 | _aCARACTERÍSTICAS AGRONÔMICAS | ||
| 650 | _aVARIEDADE RESISTENTE | ||
| 650 | _aMÉTODO ESTATÍSTICO | ||
| 909 |
_a202309 _bLucia _c55 _dLucia Elande |
||
| 942 | _cBK | ||
| 999 |
_c64643 _d64643 |
||